[Event "Catalunya-chT Gp2"]
[Site "Barcelona"]
[Date "2024.02.10"]
[Round "4.5"]
[White "Cano Sevila, Ivan"]
[Black "Villa Tornero, Alex"]
[Result "0-1"]
[WhiteElo "2094"]
[BlackElo "2321"]
[PlyCount "52"]
[EventDate "2024.01.20"]
[EventType "team-tourn"]
[EventRounds "7"]
[EventCountry "ESP"]
[SourceTitle "CB11_2024"]
[SourceDate "2024.03.13"]
[SourceVersion "1"]
[SourceVersionDate "2024.03.13"]
[SourceQuality "1"]
[WhiteTeam "Vila Olimpica"]
[BlackTeam "Barbera"]
[WhiteTeamCountry "ESP"]
[BlackTeamCountry "ESP"]

1. e4 c5 2. Nf3 e6 3. d4 cxd4 4. Nxd4 a6 5. c4 Nf6 6. Nc3 Qc7 7. a3 b6 8. Be3 Bb7 9. f3 Be7 10. Rc1 d6 11. Be2 0-0 12. Kd2 Nbd7 13. Kc2 d5 14. cxd5 exd5 15. Kb1 dxe4 16. Nd5 Qe5 17. Nxe7+ Qxe7 18. Bg5 h6 19. Bh4 Nc5 20. f4 Rad8 21. Qg1 e3 22. Nf3 Be4+ 23. Ka2 Bd5+ 24. Bc4 Bxc4+ 25. Rxc4 Qe6 26. b3 Nxb3 0-1

[Event "Andorra op 39th"]
[Site "Escaldes"]
[Date "2023.07.30"]
[Round "9"]
[White "Cano Sevila, Ivan"]
[Black "Romero Pallares, Daniel"]
[Result "0-1"]
[WhiteElo "2074"]
[BlackElo "2275"]
[PlyCount "56"]
[EventDate "2023.07.22"]
[EventType "swiss"]
[EventRounds "9"]
[EventCountry "AND"]
[SourceTitle "CBM 215 Extra"]
[Source "ChessBase"]
[SourceDate "2023.09.30"]
[SourceVersion "1"]
[SourceVersionDate "2023.09.30"]
[SourceQuality "1"]

1. d4 d5 2. Bf4 Nf6 3. e3 e6 4. Nd2 c5 5. c3 Nc6 6. Ngf3 cxd4 7. exd4 Nh5 8. Be3 Bd6 9. Ne5 Nf6 10. f4 Qb6 11. Qb3 Ng8 12. Qxb6 axb6 13. Bd3 Nge7 14. 0-0 f6 15. Nef3 h6 16. Nb3 Kf7 17. Rfe1 Bd7 18. a3 g5 19. g3 Rag8 20. Kf2 Ng6 21. fxg5 hxg5 22. Re2 Nce7 23. Kg1 Rg7 24. Rf1 Kg8 25. Bxg5 fxg5 26. Nxg5 e5 27. dxe5 Nxe5 28. Ref2 Rxg5 0-1

[Event "Andorra op 39th"]
[Site "Escaldes"]
[Date "2023.07.25"]
[Round "4"]
[White "Lubbe, Melanie"]
[Black "Cano Sevila, Ivan"]
[Result "1/2-1/2"]
[WhiteElo "2256"]
[BlackElo "2074"]
[PlyCount "86"]
[EventDate "2023.07.22"]
[EventType "swiss"]
[EventRounds "9"]
[EventCountry "AND"]
[SourceTitle "CBM 215 Extra"]
[Source "ChessBase"]
[SourceDate "2023.09.30"]
[SourceVersion "1"]
[SourceVersionDate "2023.09.30"]
[SourceQuality "1"]

1. e4 c5 2. Nf3 g6 3. d4 cxd4 4. Nxd4 Nc6 5. c4 Nf6 6. Nc3 d6 7. Be2 Nxd4 8. Qxd4 Bg7 9. Be3 0-0 10. Qd3 Be6 11. 0-0 Qa5 12. Bd4 Nd7 13. Bxg7 Kxg7 14. b3 Rac8 15. Nb5 a6 16. Nd4 Nc5 17. Qe3 Bd7 18. a3 Ne6 19. b4 Qe5 20. Nxe6+ Qxe6 21. Rfd1 f5 22. Qd4+ Kg8 23. c5 Bb5 24. Bf3 dxc5 25. bxc5 fxe4 26. Bxe4 Bc6 27. Bxc6 Rxc6 28. Rac1 Rfc8 29. Rc3 Qf6 30. Qd5+ Qf7 31. Qg5 Qf6 32. Qe3 b6 33. Rcd3 Rxc5 34. Rd7 Re5 35. Qd2 Qe6 36. h3 Re2 37. Qd4 Rf8 38. Rd8 Re1+ 39. Rxe1 Qxe1+ 40. Kh2 Qe6 41. Rxf8+ Kxf8 42. Qh8+ Qg8 43. Qd4 Qe6 1/2-1/2

[Event "El Prat de Llobregat op 4th"]
[Site "El Prat de Llobregat"]
[Date "2023.03.24"]
[Round "8"]
[White "Cano Sevila, Ivan"]
[Black "Canellas Magide, Lluis"]
[Result "1/2-1/2"]
[WhiteElo "2057"]
[BlackElo "1958"]
[PlyCount "43"]
[EventDate "2023.02.03"]
[EventType "swiss"]
[EventRounds "9"]
[EventCountry "ESP"]
[SourceTitle "EXT 2024"]
[Source "ChessBase"]
[SourceDate "2023.10.10"]
[SourceVersion "1"]
[SourceVersionDate "2023.10.10"]
[SourceQuality "1"]

1. d4 f5 2. Bf4 Nf6 3. e3 d6 4. Nc3 g6 5. h4 h6 6. Qf3 Nc6 7. Qg3 Rg8 8. Bc4 e6 9. Nh3 Qe7 10. Qf3 Na5 11. Be2 Bd7 12. 0-0-0 0-0-0 13. Rhe1 Nh5 14. g4 fxg4 15. Qxg4 e5 16. Qg2 exf4 17. Bxh5 gxh5 18. Qxg8 Bxh3 19. exf4 Qxh4 20. Qf7 Qg4 21. Nd5 Qd7 22. Qf6 1/2-1/2

[Event "El Prat de Llobregat op 4th"]
[Site "El Prat de Llobregat"]
[Date "2023.02.17"]
[Round "3"]
[White "Quero Ortega, Juan"]
[Black "Cano Sevila, Ivan"]
[Result "0-1"]
[WhiteElo "1628"]
[BlackElo "2057"]
[PlyCount "85"]
[EventDate "2023.02.03"]
[EventType "swiss"]
[EventRounds "9"]
[EventCountry "ESP"]
[SourceTitle "EXT 2024"]
[Source "ChessBase"]
[SourceDate "2023.10.10"]
[SourceVersion "1"]
[SourceVersionDate "2023.10.10"]
[SourceQuality "1"]

1. c3 e5 2. d3 d5 3. Nf3 Bd6 4. g3 c6 5. Bg2 Nf6 6. Bg5 Nbd7 7. Nbd2 h6 8. Bxf6 Nxf6 9. e4 0-0 10. 0-0 Re8 11. a3 Qb6 12. b4 a5 13. Qc2 axb4 14. axb4 Bd7 15. h3 Ra6 16. Rxa6 Qxa6 17. Rb1 Ra8 18. exd5 cxd5 19. c4 Bf5 20. Bf1 dxc4 21. Nxc4 Qc6 22. Qd1 Re8 23. Nxd6 Qxd6 24. b5 Rd8 25. Rc1 e4 26. Nh4 Be6 27. d4 e3 28. Qf3 exf2+ 29. Qxf2 Ne4 30. Qe3 Nxg3 31. Bg2 Qxd4 32. Qxd4 Rxd4 33. Rc7 Rxh4 34. Rxb7 Rb4 35. Rb8+ Kh7 36. b6 Nf5 37. b7 Rb1+ 38. Kh2 Rb2 39. Kg1 Nd6 40. Rd8 Nxb7 41. Rb8 Rb3 42. Rxb7 Rxb7 43. Bxb7 0-1

[Event "EU-ch Blitz"]
[Site "Katowice"]
[Date "2022.12.16"]
[Round "3"]
[White "Cyfka, Karina"]
[Black "Cano Sevila, Ivan"]
[Result "1-0"]
[WhiteElo "2348"]
[BlackElo "2027"]
[PlyCount "43"]
[EventDate "2022.12.16"]
[EventType "swiss (blitz)"]
[EventRounds "22"]
[EventCountry "POL"]
[SourceTitle "CBM 211 Extra"]
[Source "ChessBase"]
[SourceDate "2023.01.31"]
[SourceVersion "1"]
[SourceVersionDate "2023.01.31"]
[SourceQuality "1"]

1. d4 Nf6 2. c4 e5 3. dxe5 Ng4 4. Nf3 Nc6 5. Bf4 Bc5 6. e3 f6 7. Nc3 fxe5 8. Bg3 d6 9. Bd3 Nb4 10. Bb1 a5 11. h3 Nh6 12. 0-0 Be6 13. a3 Nc6 14. Nd5 0-0 15. Bxh7+ Kxh7 16. Bh4 Qd7 17. b4 axb4 18. axb4 Rxa1 19. Qxa1 Nxb4 20. Nxb4 Bxb4 21. Qb1+ Bf5 22. Qxb4 1-0

[Event "Cornella de Llobregat op 8th"]
[Site "Cornella de Llobregat"]
[Date "2022.11.21"]
[Round "8"]
[White "Munoz Pantoja, Miguel Angel"]
[Black "Cano Sevila, Ivan"]
[Result "1-0"]
[WhiteElo "2366"]
[BlackElo "2076"]
[PlyCount "91"]
[EventDate "2022.09.26"]
[EventType "swiss"]
[EventRounds "9"]
[EventCountry "ESP"]
[SourceTitle "EXT 2024"]
[Source "ChessBase"]
[SourceDate "2023.10.10"]
[SourceVersion "1"]
[SourceVersionDate "2023.10.10"]
[SourceQuality "1"]

1. e4 c5 2. Nf3 g6 3. d4 cxd4 4. Qxd4 Nf6 5. e5 Nc6 6. Qa4 Nd5 7. Qe4 Nb6 8. Nc3 Bg7 9. Bf4 d5 10. exd6 Bf5 11. Qe3 0-0 12. 0-0-0 Rc8 13. dxe7 Qxe7 14. Qxe7 Nxe7 15. Nd4 Rfd8 16. Nxf5 Rxd1+ 17. Nxd1 Nxf5 18. Bd3 Nd4 19. Re1 Nd5 20. Bd2 b5 21. Kb1 b4 22. Ne3 Nxe3 23. Bxe3 a5 24. Bd2 Kf8 25. c3 bxc3 26. Bxc3 Rb8 27. a4 Nc6 28. Bb5 Nd4 29. Bxa5 Nxb5 30. Bb4+ Kg8 31. axb5 Bd4 32. Kc2 Bxf2 33. Re5 Bb6 34. h3 h5 35. Bc5 Bc7 36. Re7 Bb6 37. Bxb6 Rxb6 38. Re5 f6 39. Rd5 Kf7 40. Kc3 Ke6 41. Kc4 g5 42. Rc5 Rb8 43. g4 hxg4 44. hxg4 Rb7 45. b4 Rf7 46. b6 1-0

[Event "Cornella de Llobregat op 8th"]
[Site "Cornella de Llobregat"]
[Date "2022.10.17"]
[Round "4"]
[White "Exposito Amaro, Josue"]
[Black "Cano Sevila, Ivan"]
[Result "1-0"]
[WhiteElo "2233"]
[BlackElo "2076"]
[PlyCount "65"]
[EventDate "2022.09.26"]
[EventType "swiss"]
[EventRounds "9"]
[EventCountry "ESP"]
[SourceTitle "EXT 2024"]
[Source "ChessBase"]
[SourceDate "2023.10.10"]
[SourceVersion "1"]
[SourceVersionDate "2023.10.10"]
[SourceQuality "1"]

1. e4 c5 2. Nf3 g6 3. c3 Bg7 4. Bc4 Nc6 5. d4 cxd4 6. cxd4 d6 7. 0-0 Nf6 8. Qe2 Bg4 9. Rd1 0-0 10. h3 Bxf3 11. Qxf3 Qb6 12. Qd3 Nb4 13. Qe2 d5 14. exd5 Nbxd5 15. Nc3 e6 16. Bg5 Rac8 17. Rac1 Qa5 18. Bd2 Qb6 19. Bb3 Qxd4 20. Be3 Nxc3 21. bxc3 Qe5 22. c4 Bh6 23. Rd3 Nd5 24. Rf1 Nf4 25. Qf3 Nxd3 26. Bxh6 Rfd8 27. Qxb7 Rc7 28. Qf3 Rcd7 29. Ba4 Rd4 30. Qb7 a5 31. Qe7 Nf4 32. Be8 Qf5 33. Qf8# 1-0

[Event "Cornella de Llobregat op 8th"]
[Site "Cornella de Llobregat"]
[Date "2022.10.10"]
[Round "3"]
[White "Cano Sevila, Ivan"]
[Black "Sanjuan Morigosa, Isaura"]
[Result "1-0"]
[WhiteElo "2076"]
[BlackElo "1791"]
[PlyCount "65"]
[EventDate "2022.09.26"]
[EventType "swiss"]
[EventRounds "9"]
[EventCountry "ESP"]
[SourceTitle "EXT 2024"]
[Source "ChessBase"]
[SourceDate "2023.10.10"]
[SourceVersion "1"]
[SourceVersionDate "2023.10.10"]
[SourceQuality "1"]

1. d4 Nf6 2. Bf4 g6 3. Nc3 Bg7 4. e4 d6 5. Qd2 h6 6. f3 Nfd7 7. 0-0-0 c5 8. dxc5 Nxc5 9. e5 Qa5 10. exd6 Bxc3 11. Qxc3 Qxc3 12. bxc3 Be6 13. dxe7 Nc6 14. Bb5 a6 15. Bxc6+ bxc6 16. Ne2 Nd7 17. Bd6 Bxa2 18. Nf4 a5 19. Rhe1 Rc8 20. Nd3 a4 21. Re4 a3 22. Bxa3 Bd5 23. Ree1 Nb6 24. Nf4 Nc4 25. Nxd5 cxd5 26. Bb4 Ra8 27. Kb1 f6 28. Rxd5 Kf7 29. Rd7 Rhe8 30. Rc7 Nb6 31. Rd1 Rab8 32. Rd8 Ke6 33. Rxe8 1-0

[Event "ESP-chT CECLUB Honor"]
[Site "Linares"]
[Date "2022.09.22"]
[Round "6.1"]
[White "Cano Sevila, Ivan"]
[Black "Cramling, Pia"]
[Result "1/2-1/2"]
[WhiteElo "2076"]
[BlackElo "2468"]
[PlyCount "134"]
[EventDate "2022.09.17"]
[EventType "team-tourn"]
[EventRounds "7"]
[EventCountry "ESP"]
[SourceTitle "CBM 210 Extra"]
[Source "ChessBase"]
[SourceDate "2022.11.30"]
[SourceVersion "1"]
[SourceVersionDate "2022.11.30"]
[SourceQuality "1"]
[WhiteTeam "Barcelona CE"]
[BlackTeam "Silla 60 Aniversario"]
[WhiteTeamCountry "ESP"]
[BlackTeamCountry "ESP"]

1. e4 c5 2. Nf3 e6 3. d4 cxd4 4. Nxd4 a6 5. Nc3 b5 6. Be3 Bb7 7. f3 Qc7 8. Qd2 Nf6 9. a3 Be7 10. Be2 Nc6 11. Nxc6 dxc6 12. Bf4 e5 13. Bg3 Nh5 14. 0-0-0 Rd8 15. Qe3 0-0 16. Rxd8 Rxd8 17. Rd1 h6 18. Rxd8+ Bxd8 19. Qa7 Nxg3 20. hxg3 Bc8 21. Qxc7 Bxc7 22. Nd1 Bb6 23. Kd2 g6 24. c4 Kf8 25. cxb5 axb5 26. Nc3 h5 27. Na2 Bf2 28. Nb4 Bd7 29. g4 hxg4 30. fxg4 Ke7 31. Nd3 Bd4 32. b4 Kd6 33. Kc2 Be3 34. a4 bxa4 35. Nb2 Ke7 36. Nxa4 Kf6 37. Nb2 Bb6 38. Nc4 Bc7 39. Ne3 Kg5 40. Kd3 f6 41. g3 Bb6 42. Kd2 Bxe3+ 43. Kxe3 Bxg4 44. Ba6 Be6 45. Bb7 Bd7 46. Kf3 f5 47. Ba8 Kf6 48. Bb7 Ke7 49. Ke3 Kd6 50. Ba6 Be6 51. Be2 Kc7 52. Ba6 Kd6 53. Be2 Bd7 54. Ba6 Ke6 55. Bb7 Kf6 56. Kf3 Kg5 57. Ba8 Be8 58. Bb7 Kf6 59. Ke3 fxe4 60. Kxe4 Bd7 61. Ba8 Ke6 62. Bb7 Kd6 63. Ke3 Bf5 64. Ba6 Kc7 65. Be2 g5 66. Bc4 Kd6 67. Ba6 Kd5 1/2-1/2

[Event "ESP-chT CECLUB Honor"]
[Site "Linares"]
[Date "2022.09.18"]
[Round "2.3"]
[White "Llorente Zaro, Alfonso"]
[Black "Cano Sevila, Ivan"]
[Result "1-0"]
[WhiteElo "2448"]
[BlackElo "2076"]
[PlyCount "109"]
[EventDate "2022.09.17"]
[EventType "team-tourn"]
[EventRounds "7"]
[EventCountry "ESP"]
[SourceTitle "CBM 210 Extra"]
[Source "ChessBase"]
[SourceDate "2022.11.30"]
[SourceVersion "1"]
[SourceVersionDate "2022.11.30"]
[SourceQuality "1"]
[WhiteTeam "Jaime Casas"]
[BlackTeam "Barcelona CE"]
[WhiteTeamCountry "ESP"]
[BlackTeamCountry "ESP"]

1. e4 c5 2. Nf3 Nc6 3. Bb5 g6 4. c3 e5 5. 0-0 Bg7 6. d4 exd4 7. cxd4 cxd4 8. Bf4 Nge7 9. Bd6 0-0 10. Nbd2 Re8 11. Rc1 Qb6 12. Bc4 Na5 13. Bc7 Nxc4 14. Bxb6 Nxb6 15. Nc4 Nxc4 16. Rxc4 Nc6 17. Re1 d6 18. Nxd4 Nxd4 19. Rxd4 Bxd4 20. Qxd4 Be6 21. b3 Red8 22. h4 d5 23. h5 dxe4 24. Qf6 gxh5 25. Rxe4 Rd1+ 26. Kh2 Rad8 27. Re5 R8d5 28. Qg5+ Kh8 29. Qxh5 Rxe5 30. Qxe5+ Kg8 31. Qb8+ Kg7 32. Qxb7 Rd7 33. Qb4 Rd5 34. Qc3+ Kf8 35. Qh8+ Ke7 36. Qxh7 a5 37. Qh4+ Kd7 38. Qf4 Rf5 39. Qb8 Ke7 40. f3 Rd5 41. Kg3 Kf6 42. Kh4 Kg7 43. g4 f6 44. Qc7+ Bf7 45. Qc3 Kg6 46. a4 Re5 47. Kg3 Rd5 48. b4 axb4 49. Qxb4 Kg7 50. a5 Rd3 51. Qb5 Rb3 52. Qc5 Rd3 53. Kf2 Rd2+ 54. Ke3 Ra2 55. Qc3 1-0

[Event "Hospitalet de Llobregat Ponce 11th"]
[Site "Hospitalet de Llobregat"]
[Date "2022.06.04"]
[Round "7"]
[White "Walter Travella, German"]
[Black "Cano Sevila, Ivan"]
[Result "0-1"]
[WhiteElo "1770"]
[BlackElo "2059"]
[PlyCount "44"]
[EventDate "2022.04.23"]
[EventType "swiss"]
[EventRounds "9"]
[EventCountry "ESP"]
[SourceTitle "EXT 2023"]
[Source "ChessBase"]
[SourceDate "2022.10.05"]
[SourceVersion "1"]
[SourceVersionDate "2022.10.05"]
[SourceQuality "1"]

1. e4 c5 2. Nf3 g6 3. d4 cxd4 4. Qxd4 Nf6 5. Qa4 Nc6 6. Nc3 d6 7. e5 dxe5 8. Nxe5 Bd7 9. Nxd7 Nxd7 10. Bb5 Bg7 11. 0-0 0-0 12. Bg5 Nc5 13. Qh4 Ne6 14. Bh6 Qd4 15. Qh3 Nf4 16. Bxf4 Qxf4 17. Nd5 Qe5 18. Rad1 e6 19. Bxc6 bxc6 20. Ne7+ Kh8 21. Nxc6 Qc5 22. Qf3 Rac8 0-1

[Event "Hospitalet de Llobregat Ponce 11th"]
[Site "Hospitalet de Llobregat"]
[Date "2022.05.07"]
[Round "3"]
[White "Cano Sevila, Ivan"]
[Black "Munoz Lozano, Jorge Manuel"]
[Result "1-0"]
[WhiteElo "2059"]
[BlackElo "1777"]
[PlyCount "65"]
[EventDate "2022.04.23"]
[EventType "swiss"]
[EventRounds "9"]
[EventCountry "ESP"]
[SourceTitle "EXT 2023"]
[Source "ChessBase"]
[SourceDate "2022.10.05"]
[SourceVersion "1"]
[SourceVersionDate "2022.10.05"]
[SourceQuality "1"]

1. d4 g6 2. Bf4 Bg7 3. Nc3 d6 4. e4 a6 5. a4 b6 6. Qd2 e6 7. h4 h5 8. Nf3 Bb7 9. Ng5 Ne7 10. f3 d5 11. 0-0-0 Nd7 12. exd5 Nxd5 13. Nxd5 Bxd5 14. c4 Bb7 15. Re1 0-0 16. Ne4 Bxe4 17. fxe4 e5 18. Bg5 f6 19. Be3 exd4 20. Bxd4 Qe8 21. Bc3 Rd8 22. Qc2 Ne5 23. Bxe5 Qxe5 24. c5 Kh8 25. Be2 a5 26. Kb1 bxc5 27. g4 hxg4 28. h5 gxh5 29. Rh4 c4 30. Qxc4 Rd4 31. Qc2 Rfd8 32. Reh1 Rxe4 33. Bxg4 1-0

[Event "Hospitalet de Llobregat Ponce 11th"]
[Site "Hospitalet de Llobregat"]
[Date "2022.04.30"]
[Round "2"]
[White "Ysern Comas, Juan Antonio"]
[Black "Cano Sevila, Ivan"]
[Result "0-1"]
[WhiteElo "1709"]
[BlackElo "2059"]
[PlyCount "175"]
[EventDate "2022.04.23"]
[EventType "swiss"]
[EventRounds "9"]
[EventCountry "ESP"]
[SourceTitle "EXT 2023"]
[Source "ChessBase"]
[SourceDate "2022.10.05"]
[SourceVersion "1"]
[SourceVersionDate "2022.10.05"]
[SourceQuality "1"]

1. d4 d6 2. e4 Nf6 3. Nc3 g6 4. Nf3 Bg7 5. Bg5 c6 6. Qd2 b5 7. e5 dxe5 8. dxe5 Qxd2+ 9. Bxd2 Ng4 10. Bf4 Nd7 11. e6 fxe6 12. Bd2 Nc5 13. Rb1 0-0 14. Be2 e5 15. 0-0 e4 16. Ne1 Nxf2 17. Be3 Bxc3 18. bxc3 Na4 19. Rxf2 Nxc3 20. Rb4 Bf5 21. a3 a5 22. Rb3 b4 23. Bc4+ e6 24. Rd2 Nd5 25. Bxd5 cxd5 26. axb4 axb4 27. Rxb4 Ra1 28. Bh6 Rxe1+ 29. Kf2 e3+ 30. Kxe1 exd2+ 31. Kxd2 Rc8 32. c3 Rc7 33. g4 Be4 34. Rb8+ Kf7 35. Rf8+ Ke7 36. Rh8 Kd6 37. Bf4+ e5 38. Rd8+ Ke7 39. Bg5+ Kf7 40. Rh8 Ke6 41. Re8+ Kd6 42. Bf6 Rb7 43. Bxe5+ Kd7 44. Rh8 Ke6 45. Re8+ Kf7 46. Rh8 g5 47. Ke3 Rb1 48. Kd4 Rg1 49. Bg3 Rd1+ 50. Kc5 Rd3 51. Rd8 Rxc3+ 52. Kd4 Rf3 53. Ke5 Kg7 54. Rd7+ Rf7 55. Rd6 Bf3 56. Kd4 Kf8 57. Be5 Ke7 58. Kc5 Be4 59. Kd4 Rf1 60. Rh6 Rd1+ 61. Ke3 Bg6 62. h4 Rd3+ 63. Ke2 Rh3 64. hxg5 Rb3 65. Bf6+ Kd6 66. Rh1 Be4 67. Rg1 Rh3 68. Kf2 Ra3 69. Rg3 Ra2+ 70. Ke3 Kc5 71. Bd4+ Kc4 72. Be5 Bg6 73. Rg1 d4+ 74. Kf3 d3 75. Rd1 Kb3 76. Bf4 Kc3 77. Rc1+ Rc2 78. Rd1 Kb3 79. Bd2 Rc8 80. Be3 Rf8+ 81. Bf4 Rxf4+ 82. Kxf4 Kc2 83. Rh1 d2 84. Ke5 d1Q 85. Rxd1 Kxd1 86. Kf6 Ke2 87. Ke5 Kf3 88. Ke6 0-1

[Event "Sant Boi Lorente Memorial 11th"]
[Site "Sant Boi de Llobregat"]
[Date "2021.06.20"]
[Round "2"]
[White "Cano Sevila, Ivan"]
[Black "Sosa, Tomas Sebastian"]
[Result "1/2-1/2"]
[WhiteElo "2116"]
[BlackElo "2541"]
[PlyCount "153"]
[EventDate "2021.06.20"]
[EventType "swiss"]
[EventRounds "8"]
[EventCountry "ESP"]
[SourceTitle "CBM 203 Extra"]
[Source "ChessBase"]
[SourceDate "2021.09.30"]
[SourceVersion "1"]
[SourceVersionDate "2021.09.30"]
[SourceQuality "1"]

1. d4 d6 2. Bf4 g6 3. Nc3 Bg7 4. Qd2 e5 5. dxe5 dxe5 6. Qxd8+ Kxd8 7. 0-0-0+ Nd7 8. Bg3 Ne7 9. e4 c6 10. Bc4 f6 11. Be6 Kc7 12. f3 Nc5 13. Bxc8 Nxc8 14. Nh3 b5 15. Nf2 Nb6 16. b3 a5 17. Nd3 Ne6 18. Ne2 a4 19. Kb1 Kb7 20. Bf2 Bf8 21. g3 Bd6 22. f4 exf4 23. gxf4 Rhe8 24. Rhe1 Bc7 25. f5 axb3 26. cxb3 Ng5 27. Nc5+ Kc8 28. Nd4 Bd6 29. Nce6 Bb4 30. Re2 Kb7 31. Nxg5 fxg5 32. Ne6 gxf5 33. exf5 Nd5 34. Rc2 Re7 35. Rdc1 Ba3 36. Rg1 h6 37. h4 gxh4 38. Bxh4 Rf7 39. Nd8+ Rxd8 40. Bxd8 Rxf5 41. Rh2 Bc5 42. Rc1 Be3 43. Re1 b4 44. Be7 c5 45. Bd6 Kc6 46. Bg3 Kb5 47. Rhh1 Rf3 48. Be5 Rf2 49. Rhf1 Rg2 50. Rh1 Bd2 51. Rd1 Re2 52. Bg7 Bc3 53. Rxd5 Bxg7 54. Rhh5 Bf8 55. Rd8 Rf2 56. Rb8+ Kc6 57. Rc8+ Kb6 58. Rb8+ Kc7 59. Re8 Kd7 60. Re1 Kd6 61. Rd1+ Kc6 62. Re1 Bg7 63. Re6+ Kb5 64. Rg6 Bf8 65. Rgxh6 Bxh6 66. Rxh6 Rf5 67. Rh4 Rg5 68. Kb2 Rg8 69. Rh2 Rc8 70. Rg2 Re8 71. Rf2 Re5 72. Rg2 c4 73. bxc4+ Kxc4 74. Rf2 Kb5 75. Rg2 Ka4 76. Rh2 Re3 77. Rg2 1/2-1/2

[Event "Barcelona Primavera CE op"]
[Site "Barcelona"]
[Date "2021.05.08"]
[Round "3"]
[White "Cervello Tost, Roger"]
[Black "Cano Sevila, Ivan"]
[Result "1/2-1/2"]
[WhiteElo "2017"]
[BlackElo "2080"]
[PlyCount "46"]
[EventDate "2021.04.24"]
[EventType "swiss"]
[EventRounds "9"]
[EventCountry "ESP"]
[SourceTitle "EXT 2022"]
[Source "ChessBase"]
[SourceDate "2021.10.06"]
[SourceVersion "1"]
[SourceVersionDate "2021.10.06"]
[SourceQuality "1"]

1. e4 d6 2. d4 Nf6 3. Nc3 g6 4. f4 a6 5. Nf3 b5 6. e5 b4 7. exf6 bxc3 8. Bd3 cxb2 9. Bxb2 exf6 10. 0-0 Be7 11. Re1 0-0 12. Qe2 Re8 13. d5 Bd7 14. f5 c6 15. Qf2 cxd5 16. Qg3 Bf8 17. Kh1 Nc6 18. fxg6 fxg6 19. Bxg6 hxg6 20. Qxg6+ Bg7 21. Ng5 Ne5 22. Rxe5 Rxe5 23. Qf7+ Kh8 1/2-1/2

[Event "Sitges Sunway 7th"]
[Site "Sitges"]
[Date "2020.12.23"]
[Round "10"]
[White "Cano Sevila, Ivan"]
[Black "Le Pen, Steven"]
[Result "0-1"]
[WhiteElo "2052"]
[BlackElo "2141"]
[PlyCount "39"]
[EventDate "2020.12.13"]
[EventType "swiss"]
[EventRounds "10"]
[EventCountry "ESP"]
[SourceTitle "CBM 199 Extra"]
[Source "ChessBase"]
[SourceDate "2021.01.31"]
[SourceVersion "1"]
[SourceVersionDate "2021.01.31"]
[SourceQuality "1"]

1. d4 Nf6 2. Bf4 g6 3. Nc3 d5 4. e3 Bg7 5. Be2 c6 6. h4 h5 7. Nf3 Bg4 8. Ng5 Bxe2 9. Qxe2 Nbd7 10. e4 dxe4 11. Ngxe4 Nxe4 12. Nxe4 Qa5+ 13. c3 0-0 14. 0-0 Qf5 15. Bg5 Rfe8 16. Rfe1 Nf6 17. Rad1 Nxe4 18. Qxe4 Qxe4 19. Rxe4 e6 20. Rde1 0-1

[Event "Sitges Sunway 7th"]
[Site "Sitges"]
[Date "2020.12.20"]
[Round "7"]
[White "Eizaguerri Floris, Maria"]
[Black "Cano Sevila, Ivan"]
[Result "1-0"]
[WhiteElo "2167"]
[BlackElo "2052"]
[PlyCount "95"]
[EventDate "2020.12.13"]
[EventType "swiss"]
[EventRounds "10"]
[EventCountry "ESP"]
[SourceTitle "CBM 199 Extra"]
[Source "ChessBase"]
[SourceDate "2021.01.31"]
[SourceVersion "1"]
[SourceVersionDate "2021.01.31"]
[SourceQuality "1"]

1. e4 c5 2. c3 g6 3. d4 cxd4 4. cxd4 d5 5. e5 Nc6 6. Nc3 Bg7 7. h3 Nh6 8. g4 0-0 9. Bg2 e6 10. Nf3 Kh8 11. Be3 Na5 12. b3 Bd7 13. Qd2 Ng8 14. h4 h6 15. h5 g5 16. Nxg5 hxg5 17. h6 Bxe5 18. dxe5 d4 19. Bxd4 Bc6 20. Ne4 Bxe4 21. Bxe4 Nc6 22. Bxc6 bxc6 23. 0-0-0 c5 24. Bxc5 Qxd2+ 25. Rxd2 Rfc8 26. Rc2 Kh7 27. Be3 f6 28. exf6 Nxf6 29. f3 Rxc2+ 30. Kxc2 Rg8 31. Bxa7 Nd5 32. Bd4 Rf8 33. Rh3 Nf4 34. Rh2 Nd5 35. Rf2 Kxh6 36. a3 Kg6 37. b4 e5 38. Bc5 Rf4 39. Kd3 Rf7 40. Ke4 Nf4 41. Rd2 Nh3 42. Rd3 Kf6 43. a4 Nf4 44. Rd6+ Kg7 45. Kxe5 Ng6+ 46. Ke4 Rf4+ 47. Ke3 Ne5 48. Bd4 1-0

[Event "Sitges Sunway 7th"]
[Site "Sitges"]
[Date "2020.12.13"]
[Round "1"]
[White "Cano Sevila, Ivan"]
[Black "Siebrecht, Sebastian"]
[Result "0-1"]
[WhiteElo "2052"]
[BlackElo "2429"]
[PlyCount "68"]
[EventDate "2020.12.13"]
[EventType "swiss"]
[EventRounds "10"]
[EventCountry "ESP"]
[SourceTitle "CBM 199 Extra"]
[Source "ChessBase"]
[SourceDate "2021.01.31"]
[SourceVersion "1"]
[SourceVersionDate "2021.01.31"]
[SourceQuality "1"]

1. d4 g6 2. Bf4 Bg7 3. Nc3 d6 4. e4 a6 5. Qd2 Nd7 6. Nf3 h6 7. a4 b6 8. Bc4 e6 9. h3 Bb7 10. 0-0 Ne7 11. Rfe1 g5 12. Bg3 Ng6 13. Rad1 Nf6 14. Qe2 Nh5 15. Bh2 Nhf4 16. Qe3 0-0 17. h4 Qf6 18. e5 Qf5 19. Bf1 dxe5 20. Nxe5 Nxh4 21. f3 Bxe5 22. dxe5 Rfd8 23. Bxf4 gxf4 24. Qf2 Qg5 25. Rxd8+ Rxd8 26. Ne4 Bxe4 27. Rxe4 Rd2 28. Re2 Rd1 29. Re4 a5 30. c3 c5 31. Re2 Kg7 32. Re4 Rd2 33. Re2 Rd3 34. Kh2 Nf5 0-1

[Event "El Vendrell Mestre"]
[Site "El Vendrell"]
[Date "2020.11.28"]
[Round "9"]
[White "Cano Sevila, Ivan"]
[Black "Pros Heras, Jordi"]
[Result "1-0"]
[WhiteElo "2012"]
[BlackElo "2151"]
[PlyCount "49"]
[EventDate "2020.09.26"]
[EventType "tourn"]
[EventRounds "9"]
[EventCountry "ESP"]
[SourceTitle "EXT 2023"]
[Source "ChessBase"]
[SourceDate "2022.10.05"]
[SourceVersion "1"]
[SourceVersionDate "2022.10.05"]
[SourceQuality "1"]

1. d4 Nf6 2. Bf4 c5 3. e3 Qb6 4. Nc3 e6 5. Nf3 cxd4 6. Qxd4 Bc5 7. Qc4 Nc6 8. Qb5 Bb4 9. Qxb6 axb6 10. Bd3 Nd5 11. Kd2 Bxc3+ 12. bxc3 Nxf4 13. exf4 d6 14. Rhb1 Ne7 15. c4 Bd7 16. Rxb6 Bc6 17. Nd4 0-0 18. f3 Ra7 19. Nb5 Bxb5 20. Rxb5 Rfa8 21. Rab1 Rxa2 22. Rxb7 Ng6 23. f5 Nf8 24. fxe6 fxe6 25. R1b6 1-0

[Event "El Vendrell Mestre"]
[Site "El Vendrell"]
[Date "2020.10.17"]
[Round "3"]
[White "Alfonso Pellisa, Aaron"]
[Black "Cano Sevila, Ivan"]
[Result "0-1"]
[WhiteElo "1976"]
[BlackElo "2012"]
[PlyCount "58"]
[EventDate "2020.09.26"]
[EventType "tourn"]
[EventRounds "9"]
[EventCountry "ESP"]
[SourceTitle "EXT 2023"]
[Source "ChessBase"]
[SourceDate "2022.10.05"]
[SourceVersion "1"]
[SourceVersionDate "2022.10.05"]
[SourceQuality "1"]

1. e4 c5 2. Nc3 e6 3. g3 d5 4. Bg2 d4 5. Nce2 Nc6 6. d3 Be7 7. f4 Nf6 8. Nf3 Qc7 9. 0-0 Bd7 10. Bd2 b5 11. a4 Rb8 12. axb5 Rxb5 13. e5 Nd5 14. c4 dxc3 15. bxc3 Rb7 16. Qc2 0-0 17. Rfb1 Rfb8 18. Qc1 a5 19. Ne1 Rxb1 20. Rxb1 Rxb1 21. Qxb1 a4 22. Nc2 Qa7 23. Kh1 Qb6 24. Qa1 Na5 25. Be1 Qb3 26. Na3 Ne3 27. Bf3 Bc6 28. Bxc6 Nxc6 29. Bd2 Qd5+ 0-1